| 000 | 00464nam a22001577a 4500 | ||
|---|---|---|---|
| 008 | 230410b |||||||| |||| 00| 0 eng d | ||
| 040 |
_aNational Science Library _cNational Science Library |
||
| 080 |
_a34(41-4) _bF5 |
||
| 100 |
_aHoldsworth, W S _96672 |
||
| 245 | _aSources and literature of english law | ||
| 260 |
_aOxford: _bAt the Clarendon Press, _c1952 |
||
| 300 | _aviii, 247p. | ||
| 650 | _aLiterature | ||
| 653 | _aEducation | ||
| 942 |
_2udc _cBK |
||
| 999 |
_c20264 _d20264 |
||